000 00896nam a2200277Ia 4500
003 OSt
005 20221005103239.0
006 a|||||r|||| 00| 0
007 ta
008 221004b |||||||| |||| 00| 0 hin d
020 _cIndian Rupees 140
024 _a35477
037 _bGift, 31/01/2018,
_cTextual
040 _aCRL
_cCRL
_bhin
041 _2hin
_ahin
082 _aO152,1x, Q6
100 _aमालवीय, अंशु, ले.
245 0 _aतिनगोड़वा
246 _aTinagoड़vā
260 _aकैथल
_bसंभव प्रकाशन भारत
_c2016
300 _a192पृ0
_ccm.
650 _a हिन्दी साहित्य
650 _aहिन्दी कविता
942 _hO152,1x, Q6
_cTEXL
_2cc
999 _c1009672
_d1009672